| 000 | 00361nam a22001457a 4500 | ||
|---|---|---|---|
| 999 |
_c7793 _d7791 |
||
| 005 | 20210326110209.0 | ||
| 008 | 210326b ||||| |||| 00| 0 eng d | ||
| 041 | _aeng | ||
| 100 |
_aKUMAR, DR. PANKAJ _96514 |
||
| 245 | _aA TEXTBOOK OF ENGINEERING PHYSICS-II | ||
| 260 |
_aDELHI _bKHANNA PUBLISHERS |
||
| 300 | _a120;p | ||
| 650 |
_aphysics _96515 |
||
| 942 | _cBK | ||